MDQL
is popping MORE tags! Check the
thread
!
Quizzes
Events
Quiz Creation
Community
Videos
Private Events
Remove Ads
Sign In
Join for FREE
Feedback
Dark Mode
Quiz Categories
Sports
Geography
Music
Movies
Television
Just For Fun
Miscellaneous
History
Literature
Language
Science
Gaming
Entertainment
Religion
Holiday
For Kids
Quiz Lab
Recent
Popular Today
Quiz Kudos Today
Editor Picks
Curator Picks
Quizzes by...
Day
Popularity
Type
Ratings
Length
Year
Community
Subscriptions
Recent Discussions
Orange Saloon
Badges
Playlists
Quests
Create
Leaderboards
Showdown
Live 5
Trivia Bingo
Activity
Puzzle Library
Sporcle Events
Private Events
Virtual Trivia
Globe League
Become a Host
Pub Owners
SporcleCon
Opinionation
Our Games
Videos
Blog
Mobile Apps
Partnerships
Remove Ads and Go Orange
Feedback
History
US Presidents
World Leaders
Politics
Nation
Discovery
War
Decade
Year
Century
Biography
Art
History
US Presidents
World Leaders
Politics
Nation
Discovery
War
Decade
Year
Century
Biography
Art
Random Quiz
Search Sporcle
×
Curator Pick
Curator Pick
History
Politics
Type in answers that appear in a list
Type in answers that appear in a list
Classic
Best Score? Go Orange.
Washington's Proclamation of Neutrality Stats
Can you name the words to George Washington's Proclamation of Neutrality given on April 22, 1793?
By
Spacemaniac
8m
237 Questions
553 Plays
553 Plays
553 Plays
Comments
Comments
Give Quiz Kudos
Give Quiz Kudos
-
- Ratings
hide this ad
Replay
Link that replays current quiz
Next Quiz
Link to next quiz in quiz playlist
You Got
0%
They Got
Avg Score
66%
Avg Friend Score
Upgrade to see
Score Distribution
Jump to the score distribution portion of the page
Score
0/237
Timer
08:00
0
Plays Today
% Correct
a
97.5%
a
97.5%
the
92.4%
the
92.4%
the
92.4%
the
92.4%
the
92.4%
the
92.4%
the
92.4%
the
92.4%
the
92.4%
the
92.4%
the
92.4%
the
92.4%
the
92.4%
the
92.4%
the
92.4%
the
92.4%
the
92.4%
the
92.4%
the
92.4%
the
92.4%
the
92.4%
the
92.4%
the
92.4%
I
91.7%
I
91.7%
I
91.7%
state
91%
United
91%
United
91%
United
91%
United
91%
United
91%
United
91%
United
91%
in
86.8%
be
85.9%
war
85.2%
war,
85.2%
of
84.4%
of
84.4%
of
84.4%
of
84.4%
of
84.4%
of
84.4%
of
84.4%
of
84.4%
of
84.4%
of
84.4%
of
84.4%
of
84.4%
of
84.4%
of
84.4%
of
84.4%
and
83.4%
and
83.4%
and
83.4%
and
83.4%
and
83.4%
and
83.4%
and
83.4%
and
83.4%
and
83.4%
and
83.4%
And
83.4%
and
83.4%
Britain,
80.7%
Great
80.1%
States
79.7%
States
79.7%
States
79.7%
States
79.7%
States
79.7%
States,
79.7%
it
79.4%
it
79.4%
France
79%
on
77.9%
% Correct
on
77.9%
to
77.6%
to
77.6%
to
77.6%
to
77.6%
to
77.6%
to
77.6%
to
77.6%
to
77.6%
to
77.6%
to
77.6%
to
77.6%
to
77.6%
that
75.9%
that
75.9%
that
75.9%
that
75.9%
between
75.8%
Netherlands,
71.8%
Whereas
71.6%
Prussia,
70.3%
should
70%
shall
70%
shall,
70%
who
69.8%
Austria,
69.4%
all
68.7%
all
68.7%
contraband
68.5%
powers:
68.2%
powers
68.2%
powers,
68.2%
powers
68.2%
Sardinia,
67.8%
under
66.2%
are
66%
do
65.6%
exists
65.3%
those
65.3%
make
65.3%
those
65.3%
those
65.3%
they
65.1%
nations,
65.1%
nations,
65.1%
nations,
65.1%
which
64.6%
them,
64.6%
which
64.6%
them.
64.6%
appears
64.4%
impartial
64.2%
belligerent
64%
with
63.8%
cognizance
63.8%
with
63.8%
given
63.5%
part,
62.4%
one
61.1%
contravene
60.6%
or
60.6%
or
60.6%
or
60.6%
or
60.6%
or
60.6%
therefore
59.7%
respect
59.5%
at
59.1%
render
59%
not
58.4%
good
58%
whosoever
57.7%
deemed
57.7%
manner
57.5%
citizens
57.3%
citizens
57.3%
whatsoever,
57.1%
faith
57%
modern
56.8%
% Correct
thought
56.2%
proceedings
56.2%
other;
56.1%
these
55.7%
aiding
55.5%
will
55.5%
towards
54.4%
towards
54.4%
abetting
54.2%
sincerity
54.1%
friendly
54.1%
punishment
54.1%
punishment
54.1%
respectively;
53.3%
protection
52.8%
disposition
52.6%
disposition.
52.6%
have
51.5%
have
51.5%
any
51.4%
any
51.4%
any
51.4%
any
51.4%
adopt
51%
exhort
49.4%
interest
49.2%
himself
49.2%
hereby
48.8%
belongs,
48.3%
Courts
48.1%
instructions
47.7%
aforesaid
47.6%
articles
47.2%
law
47%
within
47%
law
47%
carrying
46.8%
require,
46.7%
prosecutions
45.9%
duty
45.6%
known,
45.4%
may
45.2%
cause
45%
observe
44.7%
also
44.7%
by
44.5%
forfeiture
44.5%
by
44.5%
by
44.5%
by
44.5%
forfeiture;
44.5%
persons,
43.2%
conduct
41.8%
conduct
41.8%
liable
41.8%
said
41.6%
tend
41.4%
officers
41%
against
40%
against
40%
against
40%
avoid
39.2%
whom
38.9%
fit
38.5%
acts
38.3%
hostilities
37.6%
violate
36.5%
committing,
36.3%
pursue
35.6%
warn
35.6%
usage
34.4%
declare
32%
such
31.1%
such
31.1%
presents,
29.5%
carefully
21.3%
further
20.4%
instituted
17.2%
receive
15%
Quiz Playlist
Details
Report
Send in Message
Add To Playlist
Classic:
Type in answers that appear in a list
Quiz Source
Last Updated: Feb 16, 2017
Curator Pick in
Politics
Quiz Scoreboard
CHALLENGE
Sign Up to Join the Scoreboard
Show All
Scores
Hide
Comments
May contain spoilers
Recently Published
Find the 'City' Movie
by crazypaving
Movies
60s
5x2 Blitz: Bands
by SL_Kpop136
Music
30s
Colored Red Africa Blitz
by spor1
Geography
30s
More to Explore
Quiz From the Vault
Featured Blog Post
14 Easter Pick-up Lines to Find Eggs With
hide this ad
You Might Also Like...
Tags
Politics Quiz
US Presidents Quiz
April
George Washington
speech
Today's Top Quizzes in History
Browse History
hide this ad
Today's Top Quizzes in Politics
Browse Politics
Top Contributed Quizzes in History
1
Popular People in 1991
2
US National Parks Named After People
3
Order Up: 1000 Years of World Events I
4
Popular People in 1981
5
Popular People in 1951
6
Popular People in 1941
7
Popular People in 1986
8
Popular People in 1921
9
Popular People in 1976
10
Magic 10 Blitz: U.S. Presidents
Explore More
Trending Topics
Anime
Marvel
Crossword
Kpop
Harry Potter
NBA
Disney
Soccer
Song
The Office
NFL
WWE
Puzzle
Country
Pokémon
hide this ad
More By:
Spacemaniac
Quiz
Plays
Rating
Category
Featured
Created
Poker Hands: Best to Worst
428,240
4.23
Gaming
May 21, 2013
Progressively Harder US States by Outline
248,340
4.03
Geography
Jul 1, 2013
Most Populous Cities Per State by Any 3 Letters
152,651
4.76
Geography
Jan 26, 2013
Follow That Line: Titanic
139,435
4.34
Movies
Dec 7, 2012
Africa by Any 3 Letters
138,202
4.53
Geography
Mar 17, 2013
Go to Creator's Profile
Score Distribution
Quiz Creator Spotlight
Spacemaniac
Follow
Send a Message
Quizzes Created
-
Created Quiz Play Count
-
More By This Creator
Popular Quizzes Today
1
Colored Red Africa Blitz
2
Find the 'City' Movie
3
5x2 Blitz: Bands
4
Find the US States - No Outlines Minefield
5
The Countries of the World
6
Find the US States
7
US States
8
9x9 Crossword: Cartoon Network
More History Quizzes
On This Day: September 20th II
Published
Trending Quizzes
Colored Red Europe Blitz I
Colored Red Africa Blitz II
Colored Red Europe Blitz II
Colored Red Europe Blitz III
Colored Red Africa Blitz III
Recently Updated
Famous TV Couples
Peacemaker
Champions League XIs: Real Madrid
pecheneg
Largest US Cities 1790-2010
pecheneg
Rides in Walt Disney World
pecheneg
Most Oscar Losses (Acting)
pecheneg
Beyoncé Albums
pecheneg
Leaping Animals
pecheneg
Reality TV Shows (A-Z)
bhenderson79
Rickey Henderson's Hall of Fame Teammates
pecheneg
Champions League XIs: Arsenal
pecheneg
Trending Topics
Kpop
Marvel
Crossword
Disney
NBA
Anime
Harry Potter
Country
WWE
NFL
Soccer
Song
Puzzle
The Office
Pokémon
Your Account Isn't Verified!
In order to create a playlist on Sporcle, you need to verify the email address you used during registration. Go to your
Sporcle Settings
to finish the process.
Report this User
Report this user for behavior that violates our
Community Guidelines
.
Details:
Send Report
Go to the Sporcle.com Mobile Site →
Comments